Fr. Conceicao Rodrigues College of Engineering

ABC''''of Windows 3.0 (Record no. 22909)

MARC details
000 -LEADER
fixed length control field 00285nam a2200145Ia 4500
100 ## - MAIN ENTRY--PERSONAL NAME
Personal name Jamsa/Kris
250 ## - EDITION STATEMENT
Edition statement 1
245 ## - TITLE STATEMENT
Title ABC''''of Windows 3.0
260 ## - PUBLICATION, DISTRIBUTION, ETC.
Name of publisher, distributor, etc. BPB
Place of publication, distribution, etc. New Delhi
Date of publication, distribution, etc. 1991
300 ## - PHYSICAL DESCRIPTION
Extent 326
546 ## - LANGUAGE NOTE
Language note ENGLISH
654 ## - SUBJECT ADDED ENTRY--FACETED TOPICAL TERMS
Focus term windows 3.0
942 ## - ADDED ENTRY ELEMENTS (KOHA)
Koha item type BOOK
Holdings
Withdrawn status Lost status Damaged status Not for loan Collection Home library Current library Shelving location Date acquired Source of acquisition Cost, normal purchase price Inventory number Total Checkouts Full call number Barcode Date last seen Cost, replacement price Price effective from Koha item type
        CRC Fr. Agnel's C.Rodrigues College of Engineering Fr. Agnel's C.Rodrigues College of Engineering   17/03/2023 Progressive Books 90.00 B91120 dt 25/11/91   3366 17/03/2023 90.00 25/11/1991 BOOK